| 000 | 00694nam a2200181Ia 4500 | ||
|---|---|---|---|
| 003 | GCL | ||
| 008 | 140319s9999 xx 000 0 ara d | ||
| 040 |
_aGCL / _cGCL |
||
| 082 | 0 | 4 |
_a810.94 _bا د |
| 100 | 1 | _aاحمد الحسين | |
| 245 | 1 | 0 |
_aادب الكدية فى العصر العباسى: دراسة فى ادب الشحاذين والمتسولين / _cاحمد الحسين |
| 300 | _a280 ص | ||
| 490 |
_aدراسات فى الاداب والفنون القديمة _v0 |
||
| 650 | 0 | 4 | _aالادب العربى |
| 650 | 0 | 4 | _aالادب العربى - تاريخ ونقد |
| 650 | 0 | 4 | _aالادب العربى - تاريخ ونقد - العصر العباسى |
| 942 |
_2ddc _cBK |
||
| 999 |
_c49134 _d49134 |
||